Análisis financiero : (Record no. 89003)

MARC details
000 -CABECERA
campo de control de longitud fija 00636nam a2200217 a 4500
005 - FECHA Y HORA DE LA ÚLTIMA TRANSACCIÓN
campo de control 20231026063545.0
008 - ELEMENTOS DE LONGITUD FIJA--INFORMACIÓN GENERAL
campo de control de longitud fija 020218s2000 r 000 0 eng d
020 ## - NÚMERO INTERNACIONAL NORMALIZADO PARA LIBROS
Número Internacional Estándar del Libro 9681809769
035 ## - NÚMERO DE CONTROL DEL SISTEMA
Número de control de sistema UPN01000116252
049 ## - COLECCIÓN
Colección CG
050 #4 - SIGNATURA TOPOGRÁFICA DE LA BIBLIOTECA DEL CONGRESO
Número de clasificación HG4026
Número de documento/Ítem V5.28
100 1# - ASIENTO PRINCIPAL--NOMBRE PERSONAL
Nombre de persona Viscione, Jerry A.
245 10 - MENCIÓN DE TÍTULO
Título Análisis financiero :
Resto del título principios y métodos /
Mención de responsabilidad, etc. Jerry A. Viscione.
260 ## - PUBLICACIÓN, DISTRIBUCIÓN, ETC.
Lugar de publicación, distribución, etc. México :
Nombre del editor, distribuidor, etc. Limusa,
Fecha de publicación, distribución, etc. c2000.
300 ## - DESCRIPCIÓN FÍSICA
Extensión 320 p. :
Otras características físicas cuadros
500 ## - NOTA GENERAL
Nota general "Area: Finanzas"
650 #4 - ASIENTO SECUNDARIO DE MATERIA - TERMINO TEMATICO
Término de materia o nombre geográfico como elemento de entrada Administración financiera
9 (RLIN) 499
650 #4 - ASIENTO SECUNDARIO DE MATERIA - TERMINO TEMATICO
Término de materia o nombre geográfico como elemento de entrada EMPRESAS COMERCIALES -
Subdivisión general FINANZAS
9 (RLIN) 8104
650 #4 - ASIENTO SECUNDARIO DE MATERIA - TERMINO TEMATICO
Término de materia o nombre geográfico como elemento de entrada NEGOCIOS -
Subdivisión general FINANZAS
905 ## - TIPO DE MATERIAL
Tipo de material Libro
Holdings
Estado de retiro Estado de pérdida Fuente del sistema de clasificación o colocación Estado dañado No para préstamo Código de colección Localización permanente Ubicación/localización actual Ubicación en estantería Total de préstamos Clasificación Código de barras Fecha visto por última vez Número de copia Tipo de ítem Koha
    Library of Congress Classification     Colección General Bib. Gregorio Torres Quintero Bib. Gregorio Torres Quintero Planta baja 17 HG4026 V5.28 189675 31/12/2020 1 Libro